| 000 | 01361ngm a2200445 c 4500 | ||
|---|---|---|---|
| 001 | 5731928 | ||
| 003 | DO-SdBNP | ||
| 005 | 20180226110529.0 | ||
| 007 | 5731928 | ||
| 008 | 151228s2003 sp 063 g s | ||
| 015 | _a | ||
| 017 |
_a _b |
||
| 028 | 4 | 0 |
_a _bWarner Bros. |
| 035 | _a | ||
| 040 |
_aBPMSU _bspa _cBPMSU _e |
||
| 041 | 1 |
_a _a _a _a _j _j _j _j _h |
|
| 084 |
_a _2 |
||
| 100 | _a | ||
| 130 | 0 | _aSuperman (Serie de animación) | |
| 245 | 1 | 0 |
_aSuperman 1 / _cpresentación Espido Freine _p |
| 246 | 3 | 0 | _a |
| 250 | _a | ||
| 260 |
_a[Madrid] : _bWarner Bros. _c 2003 |
||
| 300 |
_a191 p. : _b il. ; _c24 cm. |
||
| 336 |
_a _2 |
||
| 337 |
_a _2 |
||
| 490 | 0 |
_aGrandes héroes del cómic _v2 |
|
| 500 | _a | ||
| 505 | 0 | _a | |
| 511 | 1 | _aVoces originales, Tim Daly, Dana Delany, Clancy Brown | |
| 518 | _aSerie de animación de 52 episodios realizada entre 1996 y 2000 en Estados Unidos | ||
| 520 | 3 | _aEl apocado Clark Kent y su otro yo, Superman, defienden al planeta en nombre de la verdad, la justicia y nuestro modo de vida de una conspiración contra el gobierno | |
| 521 | _aApta para todos los públicos | ||
| 546 | _a | ||
| 700 | _aFreire, Espido | ||
| 830 |
_aGrandes héroes del cómic _v2 |
||
| 942 |
_2ddc _cBK |
||
| 945 | _ainventariado, 2018 / dg | ||
| 956 |
_aVMATEO _210 _320160414 _6BPMSU _80069 |
||
| 999 |
_c9769 _d9769 |
||